MDQL
is popping MORE tags! Check the
thread
!
Quizzes
Events
Quiz Creation
Community
Videos
Private Events
Remove Ads
Sign In
Join for FREE
Feedback
Dark Mode
Quiz Categories
Sports
Geography
Music
Movies
Television
Just For Fun
Miscellaneous
History
Literature
Language
Science
Gaming
Entertainment
Religion
Holiday
For Kids
Quiz Lab
Recent
Popular Today
Quiz Kudos Today
Editor Picks
Curator Picks
Quizzes by...
Day
Popularity
Type
Ratings
Length
Year
Community
Subscriptions
Recent Discussions
Orange Saloon
Badges
Playlists
Quests
Create
Leaderboards
Showdown
Live 5
Trivia Bingo
Activity
Puzzle Library
Sporcle Events
Private Events
Virtual Trivia
Globe League
Become a Host
Pub Owners
SporcleCon
Opinionation
Our Games
Videos
Blog
Mobile Apps
Partnerships
Remove Ads and Go Orange
Feedback
Television
TV Characters
TV Show
Sitcom
Network
Friends
Reality Shows
Cast
South Park
Star Trek
The Simpsons
Doctor Who
Television
TV Characters
TV Show
Sitcom
Network
Friends
Reality Shows
Cast
South Park
Star Trek
The Simpsons
Doctor Who
Random Quiz
Search Sporcle
×
Quiz Lab
Quiz Lab
Television
Show
Type in answers that appear in a list
Type in answers that appear in a list
Classic
Best Score? Go Orange.
Andy Griffith Show Characters Stats
Can you name the Andy Griffith Show characters from the hints provided?
By
kekort2
2m
15 Questions
1,756 Plays
1,756 Plays
1,756 Plays
Comments
Comments
Give Quiz Kudos
Give Quiz Kudos
-
- Ratings
hide this ad
Forced Order
Answers have to be entered in order
Answers have to be entered in order
Replay
Link that replays current quiz
Next Quiz
Link to next quiz in quiz playlist
You Got
0%
They Got
Avg Score
70%
Avg Friend Score
Upgrade to see
Score Distribution
Jump to the score distribution portion of the page
Score
0/15
Timer
02:00
0
Plays Today
Hint
Character
% Correct
Killed a bird with a sling shot
Opie Taylor
97.8%
Lost a skeet shoot to a woman
Andy Taylor
94.4%
Does not like other people to wear his hat
Barney Fife
93.5%
Posed as a deputy to impress his brother
Otis Campbell
87.7%
Joined the Marines
Gomer Pyle
87.1%
Responsible for 'Kerosene Cucumbers'
Aunt Bee Taylor
82.6%
Reassembled a car in the court house
Goober Pyle
77.4%
Posed as a playboy to impress a woman
Floyd Lawson
71.5%
Hint
Character
% Correct
Often plays the role of Lady Mayberry
Clara Edwards
70.8%
Tried to join the army
Ernest T Bass
67.5%
Ernest T's mother figure
Helen Crump
64%
Served as Andy's butler in order to work off a fine
Malcolm Merriweather
55.6%
Duo that get Andy and Barney in trouble with Helen and Thelma Lou
Fun Girls
50.1%
Trades Andy a bed jacket for a fishing pole
Mayor Stoner
34.1%
Taught Opie how to throw a tantrum
Arnold Winkler
24.7%
Quiz Playlist
Details
Report
Send in Message
Add To Playlist
Classic:
Type in answers that appear in a list
Forced Order:
Answers have to be entered in order
Last Updated: Feb 16, 2017
Quiz Scoreboard
CHALLENGE
Sign Up to Join the Scoreboard
Show All
Scores
Hide
Comments
May contain spoilers
Recently Published
Colored Red Africa Blitz
by spor1
Geography
30s
Find the 'City' Movie
by crazypaving
Movies
60s
5x2 Blitz: Bands
by SL_Kpop136
Music
30s
More to Explore
Quiz From the Vault
Featured Blog Post
14 Easter Pick-up Lines to Find Eggs With
hide this ad
You Might Also Like...
Tags
Show Quiz
Andy
Andy Griffith
Character
griffith
Provided
Today's Top Quizzes in Television
Browse Television
hide this ad
Today's Top Quizzes in Show
Browse Show
Top Contributed Quizzes in Television
1
Survivor Journey Challenge
2
Brooklyn Nine Nine Logic Puzzle (How-To-Play)
3
Total Drama Characters
4
Phoebe Buffay Quotes
5
Survivor Trivia
6
Survivor Logic Puzzle: Heroes vs. Villains
7
Emmerdale Characters (from August 2012)
8
One Tree Hill Logic Puzzle
9
Adjectives in 00s TV Shows
10
All US Survivor Seasons in Order
Explore More
Trending Topics
Anime
Kpop
Harry Potter
Crossword
Disney
NBA
Marvel
Puzzle
Country
The Office
WWE
Song
Soccer
Pokémon
NFL
hide this ad
More By:
kekort2
Quiz
Plays
Rating
Category
Featured
Created
What Do They Make?
86,245
3.79
Miscellaneous
Sep 10, 2012
Quotable Definitions
74,865
4.55
Just For Fun
Jan 10, 2013
Vintage Halloween Costumes
57,352
3.99
Holiday
Oct 24, 2011
Eyewitness to History
55,791
4.63
History
Feb 4, 2013
Colorful History
43,514
4.38
History
Mar 9, 2013
Go to Creator's Profile
Score Distribution
Quiz Creator Spotlight
kekort2
Follow
Send a Message
Quizzes Created
-
Created Quiz Play Count
-
More By This Creator
Popular Quizzes Today
1
Colored Red Africa Blitz
2
Find the 'City' Movie
3
5x2 Blitz: Bands
4
Find the US States - No Outlines Minefield
5
The Countries of the World
6
Find the US States
7
US States
8
Find the Countries of Europe - No Outlines Minefield
More Television Quizzes
Get the Picture: Matt Groening cartoons
Editor's Pick
Trending Quizzes
Colored Red Europe Blitz I
Colored Red Europe Blitz II
Colored Red Africa Blitz II
Colored Red Europe Blitz III
Colored Red Africa Blitz III
Recently Updated
How Do You Spell That?
pecheneg
Godzilla Movies
pecheneg
Grab Bag: 4-10 Letters
pecheneg
2024 March Madness Bracket
pecheneg
Famous TV Couples
Peacemaker
Champions League XIs: Real Madrid
pecheneg
Largest US Cities 1790-2010
pecheneg
Rides in Walt Disney World
pecheneg
Most Oscar Losses (Acting)
pecheneg
Beyoncé Albums
pecheneg
Trending Topics
NBA
Kpop
Crossword
Disney
Anime
Harry Potter
Marvel
Soccer
The Office
Puzzle
Pokémon
WWE
Country
NFL
Song
Your Account Isn't Verified!
In order to create a playlist on Sporcle, you need to verify the email address you used during registration. Go to your
Sporcle Settings
to finish the process.
Report this User
Report this user for behavior that violates our
Community Guidelines
.
Details:
Send Report
Go to the Sporcle.com Mobile Site →
Comments